000 004490000a22001810004500
003 LK-CoMWRAF
008 230817t ||||| |||| 00| 0 eng d
020 _a8123200242
040 _aLK-CoMWRAF
_dLK-CoMWRAF
_eLK-CoMWRAF
041 _aeng
082 _a150
_bRAH
100 _aRahmani, Abdul Hafeez
245 _aIslamiya Chatta Vilakkam
_b
260 _aChennai
_bIslamic Foundation Trust
_c2000
300 _ap.55
650 _aTamil
942 _cBK
999 _c152
_d152